000 00715nam a2200217Ia 4500
008 220705s9999||||xx |||||||||||||| ||und||
020 _a978-3-030-27730-7
020 _a978-3-030-27731-4
040 _cSpringer
041 _aENG
100 _a Christoph Busch
100 _a Raymond Veldhuis
100 _a Sébastien Marcel
100 _aAndreas Uhl
245 0 _aHandbook of Vascular Biometrics
260 _bSpringer International Publishing
_c2020
490 _aAdvances in Computer Vision and Pattern Recognition
_x2191-6594
650 _aComputer Science
856 _fhttps://doi.org/10.1007/978-3-030-27731-4
_uhttps://link.springer.com/openurl?genre=book&isbn=978-3-030-27731-4
942 _cEBK
999 _c76636
_d76636